| 000 | 00718nam a22002411 4500 | ||
|---|---|---|---|
| 001 | sa 68004848 | ||
| 003 | DLC | ||
| 005 | 20260227112504.0 | ||
| 008 | 711020s1967 pk b 00000 eng | ||
| 010 | _asa 68004848 | ||
| 025 | _aPL480:EP-E-429 | ||
| 043 | _aa-pk--- | ||
| 050 | 0 |
_aHC440.5 _b.R26 |
|
| 082 | _a330.9549 | ||
| 100 | 1 | 0 | _aRahman, Sayeef Mizanur. |
| 245 | 1 | 2 |
_aA text book of applied and Pakistan economics; _bfor pass and honours students. |
| 250 | _a[1st ed. | ||
| 260 | 0 |
_aDacca, _bAzra Ali]; distributor: Ali Publications _c[1967] |
|
| 300 |
_aiv, xi, 443 p. _bmaps (2 fold.) _c22 cm. |
||
| 350 | _aRs8.50 | ||
| 651 | 0 |
_aPakistan _xEconomic conditions. |
|
| 651 | 0 |
_aPakistan _xEconomic policy. |
|
| 999 |
_c80388 _d80388 |
||